000 00818nam0a22002531 4500
001 rc\105398
005 20250620183036.0
010 _a0-87083-759-1
_91500
035 _a(NLR Aleph) 005367379
090 _a6963299
_c6963299
100 _a20021216d1994 |||y0rusy50 ca
101 0 _arus
102 _aRU
105 _ay |||||||||
200 1 _aЖитие, необходимое для созидания собраний малых групп
_e[Пер. с англ.]
210 _aМ.
_cБ. и.
_d1994
215 _a131 с.
_d21
300 _aПер. изд.: The living needed for building up the small group meetings / Witness Lee (Anaheim, 1994)
700 1 _aЛи
_bУ.
_f-1997
_gУитнесс
801 0 _aRU
_bNLR
_gpsbo
801 1 _aRU
_bELAR
_2rusmarc
852 _aNLR
_j94-5/1380
942 _cBOOK
980 _aNB